Multivariate classification of cotton cultivars tolerant to salt stress (Registro n. 337589)
[ somente texto ]
| 000 -LÍDER | |
|---|---|
| fixed length control field | 04222nab a2200349 i 4500 |
| 003 - CÓDIGO MARC DA AGÊNCIA CATALOGADORA | |
| Campo de controle | BR-BrBNA |
| 005 - DATA E HORA DA ÚLTIMA ATUALIZAÇÃO | |
| Campo de controle | 20250812190242.0 |
| 008 - CAMPO DE TAMANHO FIXO | |
| fixed length control field | 250812b2022 bl.mr|pooa||| 00| 0 eng | |
| 040 ## - FONTE DA CATALOGAÇÃO | |
| Agência catalogadora | BR-BrBNA |
| Idioma da catalogação | eng |
| 072 ## - CATEGORIA AGRIS | |
| Código AGRIS | F60 |
| Código do objeto | 0430 |
| 072 ## - CATEGORIA AGRIS | |
| Código AGRIS | F30 |
| 100 ## - ENTRADA PRINCIPAL - NOME PESSOAL | |
| Nome pessoal | Marcelino, Aline D. A. de L. |
| 100 ## - ENTRADA PRINCIPAL - NOME PESSOAL | |
| Nome pessoal | Fernandes, Pedro D. |
| 100 ## - ENTRADA PRINCIPAL - NOME PESSOAL | |
| Nome pessoal | Ramos, Jean P. C. |
| 100 ## - ENTRADA PRINCIPAL - NOME PESSOAL | |
| Nome pessoal | Dutra, Wellison F. |
| 100 ## - ENTRADA PRINCIPAL - NOME PESSOAL | |
| Nome pessoal | Cavalcanti, José J. V. |
| 100 ## - ENTRADA PRINCIPAL - NOME PESSOAL | |
| Nome pessoal | Santos, Roseane C. dos |
| 245 ## - TÍTULO PRINCIPAL | |
| Título principal | Multivariate classification of cotton cultivars tolerant to salt stress |
| 500 ## - NOTA GERAL | |
| Nota geral | Publicação on-line; 29 ref.; 6 illus; 4 tables; Sumaries (En, Pt) |
| 942 ## - ADDED ENTRY ELEMENTS (KOHA) | |
| Koha item type | Analítica |
| 520 ## - NOTA DE RESUMO | |
| Nota de conteúdo | <br/><br/>ABSTRACT: Two multivariate methods were adopted to classify salt-tolerant cotton genotypes based on their growth and physiological traits. The genotypes were cultivated in a greenhouse and subjected to 45 days of irrigation with saline water from the V4 phase onwards. Irrigation was performed with saline water with electrical conductivity (ECw) of 6.0 dS m-1. A factorial-randomized block design was adopted with nine cultivars, two treatments of ECw (0.6 as the control, and 6.0 dS m-1), and four replicates. Plants were evaluated for growth, gas exchange, and photosynthesis. The data were statistically analyzed using univariate and multivariate methods. For the latter, non-hierarchical (principal component, PC) and hierarchical (UPGMA) models were used for the classification of cultivars. Significant differences were found between cultivars based on univariate analyses, and the traits that differed statistically were used for multivariate analyses. Four groups were identified with the same composition in both the PC and UPGMA<br/>methods. Among them, one contained the cultivars BRS Seridó, BRS 286, FMT 705, and BRS Rubi, which were tolerant to salt stress imposed on the plants. Photosynthesis, transpiration, and stomatal conductance data were the main contributors to the classification of cultivars using the principal component method.<br/><br/>Key words: Gossypium hirsutum, osmotic stress, gas exchange, clustering |
| 520 ## - NOTA DE RESUMO | |
| Nota de conteúdo | <br/><br/>RESUMO: Dois métodos multivariados foram adotados para classificar genótipos de algodoeiro tolerantes ao sal com base no crescimento e nas características fisiológicas. Os genótipos foram cultivados em casa de vegetação e submetidos a 45 dias de irrigação com água salina, a partir da fase V4. A irrigação foi feita com água salina com CEa de 6,0 dS m-1. O delineamento experimental foi em blocos casualizados com fatorial, sendo nove cultivares, dois tratamentos (controle: 0,6 e 6,0 dS m-1) e quatro repetições. As plantas foram avaliadas quanto a variáveis de crescimento e fisiológicas. Os dados foram analisados estatisticamente por meio de analises univariada e multivariada. Nesse último, os modelos não hierárquicos (componentes principais, CP) e hierárquico (UPGMA) foram usados para classificação das cultivares. Diferenças significativas foram encontradas entre as cultivares com base nas análises univariadas. As variáveis que diferiram estatisticamente foram usadas para as análises multivariadas. Quatro grupos foram identificados com a mesma composição nos métodos PC e UPGMA. Entre eles, um conteve as cultivares BRS Seridó, BRS 286, FMT 705 e BRS Rubi, que se mostraram tolerantes ao estresse salino imposto as plantas. Os dados de fotossíntese, transpiração e condutância estomática foram os mais contributivos para classificação das cultivares, pelo método das componentes principais.<br/><br/>Palavras-chave: Gossypium hirsutum, estresse osmótico, trocas gasosas, agrupamento |
| 650 ## - ASSUNTO - THESAGRO | |
| Cabeçalho tópico ou nome geográfico | ALGODÃO |
| 650 ## - ASSUNTO - THESAGRO | |
| Cabeçalho tópico ou nome geográfico | IRRIGAÇÃO |
| 650 ## - ASSUNTO - THESAGRO | |
| Cabeçalho tópico ou nome geográfico | SALINIDADE |
| 650 ## - ASSUNTO - THESAGRO | |
| Cabeçalho tópico ou nome geográfico | GENÓTIPO |
| 650 ## - ASSUNTO - THESAGRO | |
| Cabeçalho tópico ou nome geográfico | TROCA GASOSA |
| 650 ## - ASSUNTO - THESAGRO | |
| Cabeçalho tópico ou nome geográfico | FISIOLOGIA VEGETAL |
| 773 0# - ENTRADA ANALÍTICA | |
| Host Biblionumber | 3534 |
| Registro do item | 317820 |
| Imprenta | Campina Grande-PB Universidade Federal de Campina Grande. Centro de Ciências e Tecnologia 1997 |
| Outro identificador | 2024-4539 |
| Título | Revista Brasileira de Engenharia Agrícola e Ambiental (Brazil) |
| ISSN | 1415-4366 |
| Colação | v. 26 (4) p. 266-273; (2022) |
| Número de controle de registro | BR2025003399 |
| 856 ## - ACESSO E ENDEREÇO ELETRÔNICO | |
| Identificador uniforme de recurso - URI | https://www.scielo.br/j/rbeaa/a/MHyXQ7c8jFxzTDYgRh5mXKF/?format=pdf&lang=en |
Nenhum exemplar disponível.

BINAGRI